Województwa Polski z lat 1957-1975 (z mapą) - Statystyki

Ogólne statystyki
  • Ten quiz został rozwiązany 4 942 razy
  • Średni wynik to 20 z 22
Odpowiedzi na mapie
Odpowiedzi zakodowano w zielono-czerwonej skali na mapie do tego quizu, zgodnie z poniższymi procentami.
 
Statystyki odpowiedzi
Województwo % Poprawnych
Warszawa
97%
Kraków
96%
Łódź
96%
Poznań
95%
Wrocław
95%
gdańskie
92%
łódzkie
91%
opolskie
91%
warszawskie
91%
krakowskie
90%
poznanskie
90%
szczecińskie
90%
wrocławskie
89%
lubelskie
88%
katowickie
87%
rzeszowskie
87%
białostockie
86%
kieleckie
86%
olsztyńskie
86%
bydgoskie
85%
zielonogórskie
81%
koszalińskie
75%
Nie znaleziono quizów pasujących do podanych kryteriów
Rozkład punktacji
Procent ludzi z każdym wynikiem
Percentyl według liczby udzielonych odpowiedzi
Twoja historia wyników
Nie rozwiązałeś tego quizu